Bilder nach Buchstabe - F #2 - Statistiken

Allgemein
  • Dieses Quiz wurde 252 mal gespielt
  • Das Durchschnittsergebnis liegt bei 8 aus 16
Antwortstatistiken
Bildquiz Antwort % Korrekt
Fechten
99%
Fenchel
85%
Fernsehturm
80%
Fasan
78%
Fasching
69%
Fidschi
68%
Filzhut
62%
Fjord
56%
Franzbrötchen
48%
Freiburg
48%
Favela
38%
Fanfare
34%
Fegefeuer
22%
früh
20%
Findling
19%
Henry Fonda
3%
Keine übereinstimmenden Quizze gefunden
Verteilung der Resultate
Anzahl Personen mit jedem Resultat
Perzentil nach korrekt beantworteten Fragen
Ihre Resultats-Entwicklung
Sie haben dieses Quiz noch nicht gespielt